01631nam a2200337 i 4500001000700000003000900007005001700016008004100033015001000074017005300084020001800137035002200155035002100177040003900198080001900237100002200256240002700278245008500305250003800390264003800428300002800466336002200494337003000516338002400546490002300570490002100593520051800614655001201132700004201144852010701186196301ES-MaACL20250804062711.0240906s2018 sp | |||| 000 f spa  aMON18 aB 17112-2018bOficina Depósito Legal Barcelona a9788416237289 a(OCoLC)1142904232 a(SpMaBN)a6363593 aSpMaBNbspacSpMaBNerdadES-MaACL a821.111-31"19" aHerron, Mickeaut10aSlow HorseslEspañol10aCaballos lentos /cMick Herron ; traducción del inglés de Enrique de Hériz a1ª edición, septiembre de 2018 1aBarcelona : bSalamandra,c[2018] a380 páginas ; c22 cm aTexto2rdacontent asin mediación2rdamedia avolumen2rdacarrier1 aJackson Lamb ; v11 aBlack Salamandra aEl reino del irreverente y sarcástico Jackson Lamb está en Londres y se llama Casa de la Ciénaga, un vertedero al que van a parar los miembros de los servicios secretos que han cometido un error, ya sea olvidar un documento en un tren, despistarse en una ronda de vigilancia o volverse poco fiables a causa del alcohol. Sus colegas los denominan «caballos lentos», son los parientes pobres del espionaje británico y todos comparten las ganas de salir de allí a cualquier precio y volver a la acción. 0aNovelas aHériz, Enrique de, d1964-2019etrl aES-MaACLcDEPOJjN-10121hDonación: José Lázaro GarcíaxEncuadernación rústica con solapas